Statistics for Most Common First Names in the United States - B

Click here to take the quiz!

General Stats

  • This quiz has been taken 426 times
  • The average score is 10 of 20

Answer Stats

rankAnswer% Correct
66Benjamin
78%
20Brian
75%
4Barbara
72%
73Billy
66%
31Brenda
65%
14Betty
64%
199Beth
61%
68Brandon
60%
83Bobby
59%
128Bradley
49%
102Bryan
47%
140Barry
45%
88Bonnie
44%
187Brittany
40%
67Bruce
40%
170Beatrice
35%
156Bertha
32%
142Bernard
29%
73Beverly
28%
172Bernice
18%

Score Distribution

Percentile by Number Answered

Percent of People with Each Score

Your Score History

You have not taken this quiz